20 Biggest Cities in Wallonia, Belgium - Statistics

General Stats
  • This quiz has been taken 236 times
  • The average score is 10 of 20
Answer Stats
Rank Population City % Correct
2 183,000 Liège
97%
1 200,000 Charleroi
96%
3 106,000 Namur
88%
4 91,000 Mons
83%
20 26,000 Arlon
72%
6 68,000 Tournai
67%
5 77,000 La Louvière
61%
8 53,000 Verviers
58%
13 32,000 Wavre
57%
9 52,000 Mouscron
49%
7 61,000 Seraing
47%
19 27,000 Ath
39%
15 30,000 Waterloo
38%
16 30,000 Louvain-la-Neuve
29%
14 32,000 Binche
28%
11 37,000 Herstal
27%
18 27,000 Ans
21%
10 38,000 Braine-l'Alleud
20%
12 35,000 Châtelet
18%
17 29,000 Courcelles
9%
No matching quizzes found
Score Distribution
Percent of People with Each Score
Percentile by Number Answered
Your Score History
You have not taken this quiz